000 00544nam a22001697a 4500
003 BD-DhUL
005 20160818173157.0
008 160818b xxu||||| |||| 00| 0 eng d
040 _cBD-DhUL
_dBD-DhUL
_dBD-DhUL
050 _a378.42
_bHIG
082 _a378.42
_bHIG
245 _aHigher Education In The United Kingdom:
_bA Handbook for students from overseas and their advisers /
260 _aBritish Council:
_bDhaka,
_cc1974.
300 _a312p.:
_bill.:
_c22cm.
502 _aincludes bibliographical references and index.
942 _2ddc
_cBK
999 _c99604
_d99604